Statistics for Largest Municipalities in AUSTRIA by First Letter

Click here to take the quiz!

General Stats

  • This quiz has been taken 34 times
  • The average score is 10 of 23

Answer Stats

LetterPopulationMUNICIPALITY% Correct
G278,884Graz
97%
I129,907Innsbruck
97%
L200,372Linz
97%
S150,394Salzburg
97%
V1,828,127Vienna
97%
K98,695Klagenfurt am Worthersee
74%
B29,079Bregenz
58%
E14,069Eisenstadt
52%
W60,230Wels
52%
A23,364Amstetten
48%
D47,962Dornbirn
42%
H20,743Hallein
32%
F32,338Feldkirch
29%
Y5,674Ybbs an der Donau
29%
M20,636Modling
26%
Z11,040Zwettl-Niederosterreich
26%
J10,196Judenburg
16%
O7,391Oberwart
16%
T24,000Traun
13%
N12,541Neunkirchen
6%
P14,953Perchtoldsdorf
3%
R11,760Rankweil
0%
U5,768Unterpremstatten-Zettling
0%

Score Distribution

Percentile by Number Answered

Percent of People with Each Score

Your Score History

You have not taken this quiz